| 000 | 00590cam a22002174a 4500 | ||
|---|---|---|---|
| 020 | _a0072897821 | ||
| 020 | _a0072415703 (book) | ||
| 020 | _a0072897856 (CD) | ||
| 020 | _a0072419962 (book with CD) | ||
| 040 | _cSTF | ||
| 082 | 0 | 4 | _a781 HIL 2000 A086 Or. |
| 100 | 1 | _aKostka, Stefan M | |
| 245 | 1 | 0 | _aTonal harmony, with an introduction to twentieth-century music / |
| 250 | _a4th ed | ||
| 260 |
_aBoston : _bMcGraw Hill, _cc2000 |
||
| 300 |
_axix, 680 p. : _bill., music ; _c24 cm |
||
| 500 | _aIncludes indexes | ||
| 650 | 0 | _aHarmony | |
| 700 | 1 | _aPayne, Dorothy | |
| 942 | _cEK | ||
| 999 |
_c13654 _d13654 |
||